[Event "92nd ch-Marshall CC"]
[Site "New York USA"]
[Date "2008.10.18"]
[Round "2"]
[White "Rosenberg,E"]
[Black "Kacheishvili,G"]
[Result "0-1"]
[WhiteElo "2182"]
[BlackElo "2572"]

1.d4 Nf6 2.c4 e6 3.Nc3 Bb4 4.Nf3 c5 5.d5 d6 6.Bd2 O-O 7.e3 exd5 8.Nxd5 Nxd5
9.cxd5 Bxd2+ 10.Qxd2 Bg4 11.Rc1 Nd7 12.Be2 a6 13.Rc4 f5 14.Rc3 b5 15.b4 cxb4
16.Rb3 Bxf3 17.gxf3 a5 18.Bxb5 Nc5 19.Rb1 f4 20.e4 Qg5 21.Ke2 Qh5 22.Qd4 Nxe4
23.Rbg1 Nc3+ 24.Kf1 Rf7 25.Bc6 Raa7 26.Be8 Qh3+ 27.Rg2 Rfe7 28.Rg1 Qxf3 29.Rg5 Re1+  0-1

[Event "92nd ch-Marshall CC"]
[Site "New York USA"]
[Date "2008.10.19"]
[Round "5"]
[White "Kacheishvili,G"]
[Black "Bonin,J"]
[Result "1-0"]
[WhiteElo "2572"]
[BlackElo "2353"]

1.d4 Nf6 2.c4 e6 3.Nc3 Bb4 4.Nf3 c5 5.g3 Nc6 6.Bg2 O-O 7.O-O Bxc3 8.bxc3 d6
9.Bf4 Ne4 10.Qd3 f5 11.Rfd1 Qf6 12.Be3 e5 13.dxc5 dxc5 14.Nd2 Nxd2 15.Qxd2 e4
16.Bxc5 Rd8 17.Qb2 Be6 18.Qxb7 Bxc4 19.Rd6 Qxc3 20.Rad1 Qa5 21.Rxd8+ Rxd8
22.Rxd8+ Nxd8 23.Qe7 h6 24.Qf8+ Kh7 25.Qxf5+ g6 26.Qf8 Qe1+ 27.Bf1 Nc6 28.Kg2 Qa1
29.Be3  1-0

[Event "13th ECC w"]
[Site "Kallithea GRE"]
[Date "2008.10.20"]
[Round "4"]
[White "Zhukova,N"]
[Black "Paehtz,E"]
[Result "1/2-1/2"]
[WhiteElo "2488"]
[BlackElo "2471"]

1.d4 e6 2.Nf3 Nf6 3.c4 Bb4+ 4.Nc3 d5 5.cxd5 exd5 6.Bg5 Nbd7 7.Rc1 c6 8.a3 Be7
9.e3 Nf8 10.Bd3 Ne6 11.Bh4 g6 12.Ne5 Ng7 13.O-O O-O 14.b4 Nf5 15.Bg5 Kg7
16.b5 cxb5 17.Nxb5 h6 18.Bxf6+ Bxf6 19.Nc7 Rb8 20.Bxf5 Bxf5 21.Qb3 Bxe5 22.dxe5 d4
23.exd4 Qxd4 24.e6 fxe6 25.Nxe6+ Bxe6 26.Qxe6 Rf7 27.Rc4  1/2-1/2

[Event "13th ECC w"]
[Site "Kallithea GRE"]
[Date "2008.10.20"]
[Round "4"]
[White "Socko,M"]
[Black "Kosintseva,T"]
[Result "0-1"]
[WhiteElo "2434"]
[BlackElo "2513"]

1.d4 Nf6 2.c4 e6 3.Nc3 Bb4 4.Nf3 c5 5.g3 cxd4 6.Nxd4 Ne4 7.Qd3 Bxc3+ 8.bxc3 Nc5
9.Qe3 b6 10.Bg2 Bb7 11.Bxb7 Nxb7 12.Ba3 Na6 13.Nf5 Qf6 14.Nd6+ Nxd6 15.Bxd6 Rc8
16.Rd1 Nc5 17.O-O Nb7 18.Be5 Qg6 19.Qd4 O-O 20.Qxd7 Qe4 21.Bd4 Rxc4 22.Qe7 h6
23.Rd3 Qc6 24.Rfd1 Re8 25.Qa3 Ra4 26.Qb2 Na5 27.Be3 Nc4 28.Qb1 Ra5 29.Bc1 Rd5
30.Rxd5 exd5 31.Qd3 b5 32.Bf4 a6 33.Qf3 Re4 34.Qh5 Qe6 35.Kf1 Nb6 36.Bc7 Na4
37.Rd3 Kh7 38.e3 Nb2 39.Rd2 Nc4 40.Rd3 Nb2 41.Rd2 Nc4 42.Rd3 f5 43.Qf3 g6
44.g4 fxg4 45.Qf8 Qe7 46.Qc8 Qf7 47.Ke1 Re8 48.Bd8 Ne5 49.Rd1 Nf3+ 50.Ke2 d4
51.cxd4 Rxd8 52.Qxg4 Rf8 53.d5 Qc7 54.Qe4 Ng5 55.d6 Rxf2+  0-1

[Event "1st Bobotsov Mem"]
[Site "Sofia BUL"]
[Date "2008.10.21"]
[Round "8"]
[White "Rusev,K"]
[Black "Filev,G"]
[Result "1-0"]
[WhiteElo "2541"]
[BlackElo "2375"]

1.d4 Nf6 2.c4 e6 3.Nc3 Bb4 4.Nf3 c5 5.g3 cxd4 6.Nxd4 O-O 7.Bg2 d5 8.cxd5 Nxd5
9.Bd2 Nc6 10.Nxd5 Bxd2+ 11.Qxd2 exd5 12.O-O Re8 13.e3 Ne5 14.b3 Be6 15.Rad1 Rc8
16.Nxe6 fxe6 17.e4 dxe4 18.Qb4 Qf6 19.Qxe4 b6 20.Rfe1 Nf7 21.Rd7 a5 22.h4 h6
23.Bh3 e5 24.Bf1 Kh8 25.Bd3 Kg8 26.Bc4 Re7 27.Rxe7 Qxe7 28.Qxe5 Qxe5 29.Rxe5 Kf8
30.Rf5 Rc7 31.Kg2  1-0

[Event "12th Essent Open"]
[Site "Hoogeveen NED"]
[Date "2008.10.22"]
[Round "6"]
[White "Gupta,Ab"]
[Black "Fier,A"]
[Result "0-1"]
[WhiteElo "2580"]
[BlackElo "2581"]

1.d4 Nf6 2.c4 e6 3.Nc3 Bb4 4.Nf3 b6 5.Bg5 Bb7 6.Nd2 h6 7.Bh4 O-O 8.e4 g5
9.Bg3 Bxe4 10.h4 Bg6 11.hxg5 hxg5 12.Qf3 Nc6 13.Bxc7 Qe7 14.Bd3 Kg7 15.Be5 d6
16.Bxg6 dxe5 17.Bd3 exd4 18.Qg3 Rg8 19.Qxg5+ Kf8 20.Qh6+ Ke8 21.Nce4 Ng4
22.Qh7 Kd7 23.Rd1 f5 24.Qxe7+ Nxe7 25.Ng3 Ne3 26.Rc1 Nxg2+ 27.Kd1 Rh8 28.Rxh8 Rxh8
29.Nf3 Bd6 30.Nxd4 Bc5 31.Nge2 Rh4 32.Nf3 Rh1+ 33.Kd2 Rxc1 34.Kxc1 Bxf2 35.Ne5+ Kd6
36.Nf7+ Kc7 37.Nc3 Nc6 38.Bf1 Nh4 39.Kd2 Kd7 40.a3 Bd4 41.Ng5 Bf6 42.Nh3 Bxc3+
43.Kxc3 e5 44.b4 Kd6 45.Kd3 e4+ 46.Ke3 Ke5 47.Nf4 Ne7 48.a4 Nhg6 49.Ne2 f4+
50.Kf2 Nc6 51.b5 Nd4 52.Nc3 e3+ 53.Ke1 f3 54.c5 bxc5 55.Bc4 Nf4  0-1

[Event "12th Essent Open"]
[Site "Hoogeveen NED"]
[Date "2008.10.23"]
[Round "7"]
[White "Hovenga,A"]
[Black "Van Eijk,S"]
[Result "0-1"]
[WhiteElo "2253"]
[BlackElo "2366"]

1.d4 Nf6 2.c4 e6 3.Nc3 Bb4 4.Nf3 Ne4 5.Qc2 f5 6.g3 b6 7.Bg2 Bb7 8.Nd2 Bxc3
9.bxc3 Nd6 10.d5 c5 11.e4 O-O 12.e5 Nf7 13.f4 Qc8 14.O-O Na6 15.Qd3 g6 16.h3 Rb8
17.Re1 Nc7 18.g4 Nh6 19.g5 Nf7 20.h4 Ba6 21.d6 Ne8 22.a4 Ng7 23.Nf1 Nh5 24.Bd2 Nd8
25.Bf3 Ng7 26.h5 gxh5 27.Re2 Bb7 28.Rh2 Bxf3 29.Qxf3 Qc6 30.Kf2 Qxf3+ 31.Kxf3 Nc6
32.Ke2 Kf7 33.Ng3 Rh8 34.Nxh5 Nxh5 35.Rxh5 Kg7 36.Rah1 Nd8 37.R5h2 Nf7 38.Rg2 Rbg8
39.Rb1 Rb8 40.Be1 Kg6 41.Bf2 Nd8 42.Kd3 Nc6 43.Rh1 Rbg8 44.Rh6+ Kf7 45.Rgh2 Rg7
46.Rf6+ Kg8 47.Rfh6 Rg6 48.Bh4 Nd8 49.a5 Nf7 50.Rh5 h6 51.axb6 axb6 52.Ra2 hxg5
53.Ra8+ Kg7 54.Rhxh8 Nxh8 55.Bxg5 Nf7 56.Ra7 Rxg5 57.fxg5 Nxe5+ 58.Ke2 Kg6
59.Rb7 Kxg5 60.Rxb6 Nxc4 61.Rc6 Kf4 62.Rxc5 Nxd6 63.Rc7 Ne4 64.Rxd7 Nxc3+
65.Kf2 e5 66.Rc7 Nd5 67.Ra7 e4 68.Ra4 Nf6 69.Rb4 Nd7 70.Ra4 Ne5 71.Rd4 Ng4+
72.Ke2 Nf6 73.Ra4 Nd5 74.Rc4 Ke5 75.Ke1 f4 76.Rc8 Nf6 77.Ra8 f3 78.Ra7 Ng4
79.Rf7 Kd4 80.Ra7 Ke3 81.Ra3+ Kf4 82.Ra4 Nh2 83.Kf2 Ng4+ 84.Ke1 Ne3 85.Kf2 Nd1+
86.Ke1 Nb2 87.Ra8 Ke3 88.Kf1 Nc4 89.Rf8 Ne5 90.Ra8 Nd3 91.Ra3 Kf4 92.Ra4 Ne5
93.Rb4 Ng4 94.Ra4 Ne5 95.Rb4 Ke3 96.Rb3+ Kd2 97.Rb2+ Kc3 98.Rb5 Nd3 99.Ra5 e3
100.Ra2 Nc1 101.Rh2 e2+ 102.Ke1 Nd3+  0-1

[Event "13th ECC w"]
[Site "Kallithea GRE"]
[Date "2008.10.23"]
[Round "7"]
[White "Papadopoulou,V"]
[Black "Hou Yifan"]
[Result "0-1"]
[WhiteElo "2196"]
[BlackElo "2578"]

1.d4 Nf6 2.c4 e6 3.Nc3 Bb4 4.Nf3 c5 5.g3 Ne4 6.Qd3 Qa5 7.Qxe4 Bxc3+ 8.Bd2 Bxd2+
9.Nxd2 Nc6 10.dxc5 b6 11.Bg2 bxc5 12.Qd3 Bb7 13.O-O Nd8 14.Rfd1 Qc7 15.Bxb7 Nxb7
16.Ne4 Rd8 17.Nd6+ Nxd6 18.Qxd6 Qxd6 19.Rxd6 Rb8 20.b3 Ke7 21.Rad1 Rb7 22.e4 f6
23.Kg2 h5 24.h4 Ra8 25.Ra6 g6 26.f4 Rb6 27.Rxb6 axb6 28.a4 d6 29.Kf3 Rd8
30.Ke3 f5 31.Rd2 fxe4 32.Kxe4 Kd7 33.Rg2 Ke7 34.Rd2 Rf8 35.Rb2 Kd7 36.Rd2 Kc6
37.Re2 d5+ 38.Kd3 Kd6 39.cxd5 exd5 40.Re5 Rf6 41.Rg5 Kc6 42.Re5 Kd6 43.Rg5 Re6
44.Kc2 d4 45.Kd3 Kc6 46.Kc4 Rd6 47.Kd3 b5 48.axb5+ Kxb5 49.f5 gxf5 50.Rxf5 Re6
51.Rxh5 Re3+ 52.Kc2 Rc3+ 53.Kd2 Rxb3 54.Rg5 Kc4 55.h5 Rb2+ 56.Kc1 Rh2 57.g4 d3
58.Rf5 Kb4 59.Rf1 c4 60.Rg1 c3  0-1

[Event "WYCC Boys U18"]
[Site "Vung Tau City VIE"]
[Date "2008.10.24"]
[Round "6"]
[White "Nestor,K"]
[Black "Poetz,F"]
[Result "1-0"]
[WhiteElo "2087"]
[BlackElo "2255"]

1.d4 Nf6 2.c4 e6 3.Nc3 Bb4 4.Nf3 b6 5.e3 Bb7 6.Bd3 Ne4 7.Bd2 Bxc3 8.Bxc3 O-O
9.O-O d6 10.Nd2 Nxc3 11.bxc3 Qe7 12.f4 e5 13.e4 Nc6 14.d5 Na5 15.f5 f6 16.Rf3 Ba6
17.Rh3 Qf7 18.Qg4 g6 19.fxg6 hxg6 20.Qh4 Qg7 21.Rf1 Rf7 22.Rhf3 Raf8 23.g4 Nb7
24.Qf2 Nc5 25.Bc2 Bc8 26.Qg2 Qh6 27.Nb3 Nd7 28.Qg3 Rh7 29.h3 a5 30.Qg2 Rff7
31.Nd2 Kf8 32.Ba4 Nc5 33.Bb5 Ke7 34.R1f2 Qg5 35.Kf1 Bd7 36.Ke2 Rhg7 37.Qf1 Rh7
38.Qb1 Bc8 39.Qf1 Rh8 40.Kd1 Rhf8 41.Rg2 Qh6 42.Qg1 f5 43.gxf5 gxf5 44.Rg6 Qh4
45.exf5 Rxf5 46.Rg7+ R8f7 47.Rxf7+ Rxf7 48.Qg8 Rxf3 49.Qe8+ Kf6 50.Qd8+ Kg7
51.Qxh4 Rxh3 52.Qe7+ Kh6 53.Qf8+ Kg5 54.Qxc8 Rh1+ 55.Kc2 e4 56.Qd8+ Kf4 57.Qf6+ Ke3
58.Qg5+ Kf2 59.Qf4+ Ke2 60.Nxe4 Rc1+ 61.Qxc1  1-0

[Event "Vasylyshyn Mem"]
[Site "Lviv UKR"]
[Date "2008.10.27"]
[Round "9"]
[White "Babujian,L"]
[Black "Margvelashvili,G"]
[Result "0-1"]
[WhiteElo "2502"]
[BlackElo "2478"]

1.d4 Nf6 2.c4 e6 3.Nc3 Bb4 4.Nf3 b6 5.Bg5 Bb7 6.Nd2 h6 7.Bh4 Nc6 8.e3 Bxc3
9.bxc3 g5 10.Bg3 d6 11.Bd3 Qe7 12.f3 O-O-O 13.O-O h5 14.Bf2 h4 15.h3 Rdg8
16.a4 Nh5 17.e4 Nf4 18.Nb3 Qd7 19.a5 f5 20.axb6 axb6 21.Bc2 g4 22.Be3 e5
23.fxg4 fxg4 24.dxe5 Nh5 25.e6 Qxe6 26.Qd5 Qe5 27.Rf5 gxh3 28.Rg5 Rxg5 29.Bxg5 Qg3
30.e5 Qxg5 31.exd6 Qe3+ 32.Kh2 Qg3+ 33.Kg1 Qxg2+ 34.Qxg2 hxg2 35.Bf5+ Kb8
36.d7 Nf6 37.Rd1 Rd8 38.c5 Ne5 39.cxb6 Nf3+ 40.Kxg2 Nd4+ 41.Kh3 Nxf5 42.bxc7+ Kxc7
43.Nc5 Bd5 44.c4 Bg8 45.Rf1 Bh7 46.Ne6+ Kxd7 47.Rd1+ Kxe6 48.Rxd8 Nd7 49.Ra8 Nc5
50.Kg4 Ne4 51.Re8+ Kf7 52.Rb8 Nf2+ 53.Kf3 Nd3 54.Kg4 Ne5+ 55.Kg5 h3 56.Rb1 Ng3
57.Rb7+ Kg8 58.Kf6 Ng4+ 59.Kg5 h2 60.Rb8+ Kg7 61.Rb7+ Kh8 62.Rb8+ Bg8 63.Rb1 Ne3  0-1

[Event "ch-BRA s/f"]
[Site "Dois Irmaos BRA"]
[Date "2008.10.30"]
[Round "1"]
[White "Disconzi da Silva,R"]
[Black "Calcado,A"]
[Result "1/2-1/2"]
[WhiteElo "2352"]
[BlackElo "2184"]

1.d4 Nf6 2.c4 e6 3.Nc3 Bb4 4.Nf3 b6 5.Bg5 Bb7 6.Nd2 c5 7.d5 Bxc3 8.bxc3 h6
9.Bh4 O-O 10.e4 g5 11.Bg3 exd5 12.cxd5 Re8 13.Be2 Nxe4 14.Nxe4 Rxe4 15.O-O d6
16.Bd3 Re8 17.f4 Nd7 18.Qh5 Bxd5 19.Qxh6 Be4 20.Bxe4 Rxe4 21.fxg5 Re6 22.Qh5 Qe7
23.Rf4 Kg7 24.Rh4 Rg8 25.Rf1 Kf8 26.Rhf4 Ne5 27.Rf5 Rg7 28.Rf6 Kg8 29.h4 Nd7
30.R6f3 f6 31.gxf6 Nxf6 32.Qf5 Ne4 33.Bh2 Qf7 34.Qh3 Qg6 35.h5 Qg4 36.Qxg4 Rxg4
37.Rf5 Rh6 38.Rf7 Rg7  1/2-1/2

[Event "TCh-CHN Torch Real Estate Cup"]
[Site "Jiangsu Wuxi CHN"]
[Date "2008.10.30"]
[Round "12"]
[White "Wang Yue"]
[Black "Kunte,A"]
[Result "1-0"]
[WhiteElo "2689"]
[BlackElo "2547"]

1.d4 Nf6 2.c4 e6 3.Nf3 Bb4+ 4.Nc3 c5 5.g3 cxd4 6.Nxd4 Ne4 7.Qd3 Qa5 8.Nb3 Nxc3
9.Bd2 Ne4 10.Qxe4 Bxd2+ 11.Nxd2 O-O 12.Bg2 Nc6 13.a3 Rd8 14.Qb1 d5 15.b4 Qc7
16.Qb2 Ne5 17.cxd5 exd5 18.O-O Bg4 19.Nb3 Nc4 20.Qa2 Qe5 21.e3 Bf5 22.Rfd1 a5
23.Nxa5 Nxa5 24.bxa5 Rxa5 25.Qb3 Rd7 26.Rd4 Rc5 27.Qb6 Rc4 28.Rad1 Rxd4 29.Rxd4 h5
30.h4 Be6 31.a4 g6 32.a5 Rc7 33.Rd1 Qc3 34.e4 Bg4 35.Rxd5 Qe1+ 36.Kh2 Rc1
37.Rd8+ Kh7 38.f3 Bxf3 39.Bxf3 Rc2+ 40.Bg2 Qxe4 41.Qg1 Ra2 42.Rd1 Qe5 43.Rf1 Kg7
44.Qb6 Ra3 45.Qf2 f6 46.Rb1 Rxa5 47.Rxb7+ Kh6 48.Qd2+ g5 49.Qd7  1-0

[Event "ch-BRA s/f"]
[Site "Dois Irmaos BRA"]
[Date "2008.10.31"]
[Round "3"]
[White "Name,G"]
[Black "Jatoba de Oliveira Reis,P"]
[Result "1/2-1/2"]
[WhiteElo "2235"]
[BlackElo "2332"]

1.d4 e6 2.Nf3 Nf6 3.c4 Bb4+ 4.Nc3 c5 5.g3 Nc6 6.dxc5 Ne4 7.Qd3 Nxc5 8.Qc2 d5
9.cxd5 Qxd5 10.Bg2 Qf5 11.Qxf5 exf5 12.Bd2 Be6 13.Nb5 O-O 14.O-O Bxd2 15.Nxd2 Rad8
16.Nf3 Bc4 17.Nc3 Ne4 18.Rfe1 Nxc3 19.bxc3 Rfe8 20.e3 g6 21.Rec1 Re7 22.Nd4 Ne5
23.Rc2 Bd3 24.Rcc1 Be4 25.c4 Rc8 26.Bf1 a6 27.f4 Ng4 28.Rc3 Rd7 29.Nb3 b5
30.Rcc1 bxc4 31.Bxc4 Rc6 32.Be2 Nxe3 33.Rxc6 Bxc6 34.Bxa6 Bd5 35.Re1 Nc2
36.Rd1 Ne3 37.Rd3 Ra7 38.h3 Bc4 39.Bxc4 Nxc4 40.Rd4 Nb2 41.Rd2 Na4 42.Rc2 h5
43.Kf2 Nb6 44.Rc5 Kg7 45.Nc1 Na4 46.Rc6 Nb2 47.Rc2 Nd1+ 48.Kf3 Ra3+ 49.Kg2 Ra4
50.Rd2 Nc3 51.Rc2 Nd5 52.Re2 Rc4 53.Nd3 Rd4 54.Ne1 Ra4 55.Nf3 Nc3 56.Rc2 Nxa2
57.Rc7 Nb4 58.Ne5 Ra2+ 59.Kg1 Ra1+ 60.Kg2 Ra2+ 61.Kg1 Ra3 62.Rxf7+ Kg8 63.Rb7 Rxg3+
64.Kh2 Rb3 65.Nxg6 Rb2+ 66.Kg3 Nd3 67.Rxb2 Nxb2 68.Kh4 Kg7 69.Kg5 Nc4 70.Nh4 Nd2
71.Nxf5+ Kh7 72.Kxh5 Ne4 73.Kg4 Kg6 74.Ng3 Nf2+ 75.Kh4 Nd3 76.f5+ Kf6  1/2-1/2

[Event "FSIMB November"]
[Site "Budapest HUN"]
[Date "2008.11.02"]
[Round "2"]
[White "Kahn,E"]
[Black "Pochinkov,A"]
[Result "1-0"]
[WhiteElo "2297"]
[BlackElo "2211"]

1.d4 Nf6 2.c4 e6 3.Nc3 Bb4 4.Nf3 c5 5.d5 Bxc3+ 6.bxc3 d6 7.g3 e5 8.Bg2 h6
9.O-O Qe7 10.e4 Bg4 11.h3 Bh5 12.Qc2 g5 13.g4 Bg6 14.Nh2 Nh7 15.Re1 h5 16.Nf1 hxg4
17.hxg4 f6 18.Ng3 Nf8 19.f3 Qd7 20.Be3 Bf7 21.Nf5 Ng6 22.Rab1 b6 23.a4 Qc7
24.a5 Nd7 25.Qa4 O-O-O 26.Ra1 Nb8 27.axb6 axb6 28.Reb1 Be8 29.Qa7 Rh7 30.Qxb6 Qxb6
31.Rxb6 Rhd7 32.Rab1 Ra7 33.Rxb8+ Kc7 34.Rxd8 Kxd8 35.Nxd6 Nh4 36.Bxc5 Ra2
37.Bf2 Ba4 38.c5 Rc2 39.Nf5 Rxc3 40.Nxh4 gxh4 41.Bxh4  1-0

[Event "21st Belgrade Trophy"]
[Site "Obrenovac SRB"]
[Date "2008.11.03"]
[Round "7"]
[White "Ganaus,H"]
[Black "Savic,Miod1"]
[Result "0-1"]
[WhiteElo "2275"]
[BlackElo "2522"]

1.d4 Nf6 2.c4 e6 3.Nc3 Bb4 4.Nf3 b6 5.Bg5 h6 6.Bh4 Bb7 7.Nd2 Bxc3 8.bxc3 d6
9.f3 Nbd7 10.e4 Nf8 11.Qa4+ c6 12.c5 dxc5 13.e5 Ng6 14.Ne4 Nxh4 15.Nd6+ Kf8
16.Nxb7 Qc7 17.exf6 Qxb7 18.dxc5 Ng6 19.fxg7+ Kxg7 20.Bd3 Ne5 21.O-O Qe7
22.Be2 Qxc5+ 23.Kh1 Rhd8 24.f4 Ng6 25.Rf3 Rd2 26.Re1 Rad8 27.h3 b5 28.Qe4 R8d5
29.a4 a6 30.axb5 axb5 31.g4 Nh4 32.Re3 Rd7 33.f5 exf5 34.gxf5 Qd5 35.Rf1 Kf6
36.Kg1 Qxe4 37.Rxe4 Re7 38.Rxe7 Kxe7 39.f6+ Ke6 40.Bg4+ Ke5 41.Bh5 Rd7 42.Kh2 Ra7
43.Bg4 Ra3 44.Kg3 Ng6 45.Rf3 c5 46.Bh5 Nh8 47.Bg4 b4 48.Rf5+ Kd6 49.Kh4 Rxc3
50.Kh5 Ng6 51.Kxh6 b3 52.Rf1 Ne5 53.Kg7 c4 54.Bh5 b2 55.Rb1 Rg3+ 56.Kf8 c3  0-1

[Event "12th OIBM"]
[Site "Bad Wiessee GER"]
[Date "2008.11.07"]
[Round "7"]
[White "Lauber,A"]
[Black "Zude,A"]
[Result "1/2-1/2"]
[WhiteElo "2497"]
[BlackElo "2451"]

1.d4 Nf6 2.c4 e6 3.Nc3 Bb4 4.Nf3 c5 5.g3 Ne4 6.Qd3 cxd4 7.Nxd4 Qa5 8.Nb3 Nxc3
9.Bd2 Ne4 10.Qxe4 Bxd2+ 11.Nxd2 O-O 12.Bg2 Nc6 13.Qd3 Qe5 14.Rb1 d5 15.cxd5 exd5
16.Qxd5 Qe7 17.Qe4 Be6 18.a3 Rad8 19.Qe3 Rfe8 20.O-O Ba2 21.Rbd1 Qf6 22.Ne4 Qxb2
23.Rxd8 Rxd8 24.Nc5 h6 25.Qc1 Qxc1 26.Rxc1 Nd4 27.Kf1 b6 28.Nb7 Rd7 29.a4 Kf8
30.a5 Nb3 31.Rc8+ Ke7 32.Bc6 Rd1+ 33.Kg2 Nxa5 34.Rc7+ Ke6 35.Nxa5 bxa5 36.Rxa7 Bc4
37.Rxa5 Bxe2 38.f4 Bg4 39.Ra2 Kd6 40.Bb7 Be6 41.Rb2 Ra1  1/2-1/2

[Event "Okla Op State Ch"]
[Site "Stillwater USA"]
[Date "2008.11.09"]
[Round "5"]
[White "Johnson,C"]
[Black "Temple,J"]
[Result "1-0"]
[WhiteElo "1653"]
[BlackElo "1948"]

1.d4 Nf6 2.c4 e6 3.Nc3 Bb4 4.Nf3 O-O 5.Bg5 d5 6.e3 c6 7.Qc2 Nbd7 8.cxd5 exd5
9.Bd3 h6 10.h4 Qa5 11.Kf1 Bxc3 12.bxc3 Re8 13.Bxf6 Nxf6 14.Ne5 Ne4 15.Re1 Bf5
16.g4 Bh7 17.g5 Bf5 18.gxh6 gxh6 19.Rg1+ Kf8 20.f3 Bh3+ 21.Rg2 Nxc3 22.a4 Ke7
23.e4 dxe4 24.Qb3 Bxg2+ 25.Kxg2 Rg8+ 26.Kf2 Nd5 27.Rxe4 Kf6 28.Rf4+  1-0

[Event "38th Olympiad w"]
[Site "Dresden GER"]
[Date "2008.11.13"]
[Round "1"]
[White "Mohota,N"]
[Black "Hund,B"]
[Result "1/2-1/2"]
[WhiteElo "2311"]
[BlackElo "2216"]

1.d4 Nf6 2.c4 e6 3.Nc3 Bb4 4.Nf3 O-O 5.Bg5 d5 6.cxd5 exd5 7.e3 c6 8.Qc2 h6
9.Bh4 Nbd7 10.Bd3 Re8 11.O-O Be7 12.h3 Ne4 13.Bxe7 Qxe7 14.Rae1 Ndf6 15.Ne5 Bf5
16.f3 Nxc3 17.bxc3 Bxd3 18.Qxd3 Nd7 19.Nxd7 Qxd7 20.e4 Qe6 21.e5 f5 22.f4 Rac8
23.Kh2 c5 24.Re2 g6 25.g4 Kh7 26.Rg2 cxd4 27.cxd4 Rf8 28.Rfg1 Rc6 29.Qa3 Rf7
30.g5 Ra6 31.Qf3 h5 32.Rb1 Ra4 33.Rd2 Qc6 34.Qe3 Re7 35.Qf3 b5 36.Qb3 a6
37.Rc2 Rc4 38.Rbc1 Rc7 39.Rxc4 dxc4 40.Qe3 Qd5 41.e6 Re7 42.Re1 c3 43.Qxc3 Rxe6
44.Qc7+ Kg8 45.Qc8+ Kf7 46.Qc7+ Kg8 47.Qc8+ Kf7 48.Qc7+  1/2-1/2

[Event "38th Olympiad"]
[Site "Dresden GER"]
[Date "2008.11.13"]
[Round "1"]
[White "L'Ami,E"]
[Black "Minhazuddin,A"]
[Result "1-0"]
[WhiteElo "2610"]
[BlackElo "2377"]

1.d4 Nf6 2.c4 e6 3.Nc3 Bb4 4.Nf3 O-O 5.Bg5 c5 6.Rc1 cxd4 7.Nxd4 d5 8.e3 Nc6
9.cxd5 Qxd5 10.Bxf6 gxf6 11.Nxc6 Qxd1+ 12.Kxd1 bxc6 13.Bd3 f5 14.Ke2 Rd8
15.Na4 Rd6 16.g4 fxg4 17.Rc4 Ba5 18.Rxg4+ Kf8 19.Rhg1 h6 20.Rg8+ Ke7 21.b3 Bb6
22.Nb2 Bb7 23.Rxa8 Bxa8 24.Nc4 Rd8 25.Rg7 Bc7 26.f4 c5 27.Bg6 Rf8 28.Rh7 Bd5
29.Nd2 Ba5 30.Nc4 Bc7 31.Ne5 Bxe5 32.fxe5 Ke8 33.Bh5 c4 34.b4 Be4 35.Rg7 Kd7
36.Kd2 Kc6 37.Kc3 Rd8 38.Rxf7 Rd3+ 39.Kxc4 Rxe3 40.Kd4 Rh3 41.Bg4 Rh4 42.Kxe4 Rxg4+
43.Rf4 Rxf4+ 44.Kxf4 Kb5 45.Kg4 Kxb4 46.Kh5 Ka3 47.Kxh6 Kxa2 48.h4 a5 49.h5 a4
50.Kg6 a3 51.h6 Kb3 52.h7 a2 53.h8=Q a1=Q 54.Qh3+ Ka4 55.Qxe6 Qb1+ 56.Kf6 Qh7
57.Qc6+ Kb4 58.e6 Qh4+ 59.Kf7 Qf4+ 60.Ke7 Kb3 61.Kd7 Qd4+ 62.Qd6 Qa4+ 63.Kc8 Ka2
64.Qd5+ Kb1 65.Kd8 Qb4 66.e7 Qb8+ 67.Kd7 Qa7+ 68.Ke6 Qe3+ 69.Kf7 Qf4+ 70.Kg6 Qg4+
71.Qg5 Qe6+ 72.Kg7 Qd7 73.Qg6+  1-0

[Event "38th Olympiad"]
[Site "Dresden GER"]
[Date "2008.11.15"]
[Round "3"]
[White "L'Ami,E"]
[Black "Gashimov,V"]
[Result "1/2-1/2"]
[WhiteElo "2610"]
[BlackElo "2703"]

1.d4 Nf6 2.c4 e6 3.Nc3 Bb4 4.Nf3 c5 5.g3 cxd4 6.Nxd4 Ne4 7.Qd3 Nxc3 8.bxc3 Be7
9.Nb5 Nc6 10.Nd6+ Bxd6 11.Qxd6 Qa5 12.Bd2 Qe5 13.Qd3 d5 14.Bg2 dxc4 15.Qxc4 O-O
16.O-O Na5 17.Qd3 Qc7 18.c4 Nc6 19.Rab1 Rd8 20.Qe3 e5 21.Bc3 Be6 22.Qc5 Rac8
23.Bxc6 Qxc6 24.Qxc6 bxc6 25.Rb4 f6 26.f3 Rb8 27.Ra4 Rd7 28.Kf2 Kf7 29.h4 h5
30.Rc1 Rbb7  1/2-1/2

[Event "38th Olympiad"]
[Site "Dresden GER"]
[Date "2008.11.15"]
[Round "3"]
[White "Le Quang Liem"]
[Black "Brittner,S"]
[Result "1-0"]
[WhiteElo "2583"]
[BlackElo "2218"]

1.d4 e6 2.c4 Nf6 3.Nc3 Bb4 4.Nf3 c5 5.g3 cxd4 6.Nxd4 Ne4 7.Qd3 Bxc3+ 8.bxc3 Nc5
9.Qf3 d6 10.Bg2 Nbd7 11.Qg4 O-O 12.Bh6 Qf6 13.Bg5 Qg6 14.Qh4 f6 15.Be3 a6
16.O-O Ne5 17.Nb3 Na4 18.c5 Nxc5 19.Nxc5 dxc5 20.Bxc5 Re8 21.Rfd1 Nc6 22.Rab1 Qf7
23.Rd6 Qc7 24.Rbd1 e5 25.Bd5+ Kh8 26.Qh5 g6 27.Qh4 Qg7 28.Rxf6 g5 29.Qh6 Qxh6
30.Rxh6 Kg7 31.Rd6 Ne7 32.Be4 Rb8 33.Ba7 Ra8 34.Be3 g4 35.Bg5 Nf5 36.Rb6 h6
37.Bf6+ Kf7 38.Bd5+ Be6 39.Bxe5  1-0

[Event "38th Olympiad w"]
[Site "Dresden GER"]
[Date "2008.11.16"]
[Round "4"]
[White "Zhukova,N"]
[Black "Cmilyte,V"]
[Result "1/2-1/2"]
[WhiteElo "2488"]
[BlackElo "2512"]

1.d4 Nf6 2.c4 e6 3.Nc3 Bb4 4.Nf3 b6 5.Bg5 Bb7 6.Nd2 h6 7.Bh4 c5 8.d5 exd5
9.cxd5 Qe7 10.Qc2 Bxc3 11.bxc3 Bxd5 12.O-O-O Be4 13.Nxe4 Qxe4 14.Bxf6 Qxc2+
15.Kxc2 gxf6 16.g3 Nc6 17.Bg2 Rd8 18.f4 Ke7 19.Rd3 Na5 20.Re3+ Kf8 21.Bd5 Re8
22.Rxe8+ Kxe8 23.Rd1 Ke7 24.Rd3 f5 25.Bg2 Nc4 26.Bh3 Nd6 27.Rd5 Ke6 28.Re5+ Kf6
29.Rd5 Ke6 30.e4 Nxe4 31.Rxf5 d5  1/2-1/2

[Event "XXXII Tenkes Cup"]
[Site "Harkany HUN"]
[Date "2008.11.17"]
[Round "4"]
[White "Banusz,T"]
[Black "Cao Sang"]
[Result "1/2-1/2"]
[WhiteElo "2498"]
[BlackElo "2488"]

1.d4 e6 2.c4 Nf6 3.Nc3 Bb4 4.Nf3 b6 5.Bg5 Bb7 6.Nd2 h6 7.Bh4 Nc6 8.e3 Ne7
9.Bxf6 gxf6 10.Qb3 c5 11.d5 Bxc3 12.Qxc3 exd5 13.Qxf6 Ng6 14.Qxd8+ Rxd8 15.cxd5  1/2-1/2

[Event "38th Olympiad"]
[Site "Dresden GER"]
[Date "2008.11.19"]
[Round "6"]
[White "Yueh Wei Po"]
[Black "Croes,O"]
[Result "0-1"]
[WhiteElo "1920"]
[BlackElo "1980"]

1.d4 Nf6 2.c4 e6 3.Nc3 Bb4 4.Nf3 O-O 5.Bg5 c5 6.dxc5 Na6 7.Qc2 Nxc5 8.a3 Bxc3+
9.Qxc3 Nce4 10.Qc2 Nxg5 11.Nxg5 Qa5+ 12.Qd2 Qxd2+ 13.Kxd2 d5 14.e3 h6 15.Nh3 e5
16.Bd3 dxc4 17.Bxc4 Bf5 18.f3 Rfd8+ 19.Ke2 Rac8 20.Bb3 Bd3+ 21.Kf2 Bc2 22.Ba2 Rd2+
23.Kg3 Bf5 24.Bb1 Bxb1 25.Raxb1 Rcc2 26.Rhg1 Rxb2 27.Rxb2 Rxb2 28.Rc1 Rb3
29.Rc8+ Kh7 30.Rc7 Kg6 31.e4 Nxe4+ 32.Kh4 Nd6 33.a4 Nf5+  0-1

[Event "38th Olympiad w"]
[Site "Dresden GER"]
[Date "2008.11.20"]
[Round "7"]
[White "Mira,H"]
[Black "Andriasian,S"]
[Result "1/2-1/2"]
[WhiteElo "2115"]
[BlackElo "2290"]

1.d4 Nf6 2.c4 e6 3.Nc3 Bb4 4.Nf3 O-O 5.Bg5 c5 6.Bxf6 Qxf6 7.e3 b6 8.Be2 Bb7
9.O-O Bxc3 10.bxc3 d6 11.Nd2 Nc6 12.f4 Qe7 13.Bd3 f5 14.Qe2 Rae8 15.Rae1 g6
16.Qd1 Qg7 17.Rf2 Nb8 18.Qa1 e5 19.fxe5 dxe5 20.Nb3 e4 21.Bf1 Nd7 22.a4 Nf6
23.Be2 Qc7 24.Ref1 h5 25.a5 Rf7 26.axb6 axb6 27.Qb2 Ra8 28.Ra1 Rxa1+ 29.Qxa1 Nd7
30.Qc1 Rf8 31.Bf1 Nf6 32.Rb2 Bc8 33.Ra2 Ng4 34.g3 Be6 35.Qe1 Rb8 36.h3 Nf6
37.Qf2 Nd7 38.Qf4 Qb7 39.Qd6 Bf7 40.dxc5 Nxc5 41.Nxc5 bxc5 42.Qxc5 Rc8 43.Qd6 Qc7
44.Qxc7 Rxc7 45.Ra4 Kg7 46.Kf2 g5 47.h4 g4 48.Be2 Kf6 49.Ke1 Ke5  1/2-1/2

[Event "38th Olympiad"]
[Site "Dresden GER"]
[Date "2008.11.20"]
[Round "7"]
[White "Kazhgaleyev,M"]
[Black "Ghaem Maghami,E"]
[Result "1-0"]
[WhiteElo "2640"]
[BlackElo "2599"]

1.d4 Nf6 2.c4 e6 3.Nc3 Bb4 4.Nf3 c5 5.g3 cxd4 6.Nxd4 Ne4 7.Qd3 Bxc3+ 8.bxc3 Nc5
9.Qf3 d6 10.Bg2 e5 11.Qe3 O-O 12.Nb3 Nba6 13.Nxc5 Nxc5 14.Ba3 Qc7 15.Rd1 Be6
16.Rxd6 Qxd6 17.Bxc5 Qa6 18.Bxf8 Rxf8 19.c5 Qxa2 20.O-O Bd5 21.Qxe5 Bxg2
22.Kxg2 Qb3 23.Ra1 a6 24.Qd4 Qb5 25.c4 Qc6+ 26.Qd5 Ra8 27.Rb1 Rd8 28.Qxc6 bxc6
29.Rb6 Ra8 30.Rxc6 a5 31.Rb6 Kf8 32.Rb7 Ra6 33.Kf3 a4 34.Rb6 Ra5 35.Ke4 a3
36.Rb1 a2 37.Ra1 Ra3 38.Kd5 Ke7 39.h4 Kd7 40.c6+ Kc7 41.Kc5 Ra6 42.Kb4 Kxc6
43.Kb3 Rb6+ 44.Kxa2 Kc5 45.Rc1 h5 46.Rc2 Rb4 47.Ka3 Rb6 48.e3 f6 49.Rb2 Rd6
50.Kb3 Rd3+ 51.Kc2 Ra3 52.Kd2 Kxc4 53.Ke2 Ra7 54.Rd2 Kc5 55.Kf3 Kc6 56.Rd8 Ra5
57.e4 f5 58.Rg8 fxe4+ 59.Kxe4 Ra7 60.Kf5 Ra2 61.Rxg7 Rxf2+ 62.Ke4  1-0

[Event "38th Olympiad w"]
[Site "Dresden GER"]
[Date "2008.11.21"]
[Round "8"]
[White "Harika,D"]
[Black "Maric,A"]
[Result "1-0"]
[WhiteElo "2461"]
[BlackElo "2405"]

1.d4 e6 2.c4 Nf6 3.Nc3 Bb4 4.Nf3 O-O 5.Bg5 c5 6.e3 cxd4 7.exd4 d5 8.Be2 dxc4
9.O-O Nbd7 10.Bxc4 Bxc3 11.bxc3 Qc7 12.Qe2 b6 13.Rac1 Bb7 14.Bd3 Ng4 15.Be4 Bxe4
16.Qxe4 Ngf6 17.Qe2 Rac8 18.c4 h6 19.Bh4 Qf4 20.Rfe1 Rfd8 21.Rc3 Nf8 22.Rb3 N8d7
23.Bg3 Qf5 24.Ra3 Ra8 25.Ne5 Nxe5 26.Bxe5 Nd7 27.Rf3 Qh5 28.Bxg7 Kh7 29.Bxh6  1-0

[Event "38th Olympiad"]
[Site "Dresden GER"]
[Date "2008.11.22"]
[Round "9"]
[White "Berkes,F"]
[Black "Hernandez Carmenates,Hold"]
[Result "1/2-1/2"]
[WhiteElo "2645"]
[BlackElo "2580"]

1.d4 Nf6 2.c4 e6 3.Nc3 Bb4 4.Nf3 c5 5.g3 cxd4 6.Nxd4 Ne4 7.Qd3 Qa5 8.Nb3 Nxc3
9.Nxa5 Ne4+ 10.Bd2 Bxd2+ 11.Qxd2 Nxd2 12.Kxd2 Nc6 13.Nxc6 dxc6 14.Bh3 e5
15.Bxc8 Rxc8 16.Ke3 Ke7 17.Rhd1 Rhd8 18.Rd3 Rxd3+ 19.exd3 f5 20.Rd1 Rd8 21.d4 Ke6
22.Rd3 g5 23.dxe5 Rxd3+ 24.Kxd3 Kxe5 25.f3 c5 26.Ke3 a6 27.f4+ gxf4+ 28.gxf4+ Kf6
29.a4 a5 30.Kf3  1/2-1/2